<?xml version="1.0" encoding="UTF-8"?>
<collection xmlns="http://www.loc.gov/MARC21/slim">
 <record>
  <leader>05854nas a22007451  4500</leader>
  <controlfield tag="001">1/50117</controlfield>
  <controlfield tag="008">030109c19549999it qrzp       0   a0ita d</controlfield>
  <datafield tag="022" ind1=" " ind2=" ">
   <subfield code="a">1865-1704</subfield>
  </datafield>
  <datafield tag="035" ind1=" " ind2=" ">
   <subfield code="l">2927</subfield>
  </datafield>
  <datafield tag="040" ind1=" " ind2=" ">
   <subfield code="a">GR-PeUP</subfield>
  </datafield>
  <datafield tag="090" ind1=" " ind2=" ">
   <subfield code="a">Αλφαβητική σειρά</subfield>
  </datafield>
  <datafield tag="245" ind1="0" ind2="0">
   <subfield code="a">International review of economics =</subfield>
   <subfield code="b">Rivista internazionale di scienze economiche e commerciali</subfield>
  </datafield>
  <datafield tag="246" ind1="1" ind2="2">
   <subfield code="a">Rivista internazionale di scienze economiche e commerciali</subfield>
  </datafield>
  <datafield tag="260" ind1=" " ind2=" ">
   <subfield code="a">Padova :</subfield>
   <subfield code="b">CEDAM,</subfield>
   <subfield code="c">1954-</subfield>
  </datafield>
  <datafield tag="300" ind1=" " ind2=" ">
   <subfield code="a">v. ;</subfield>
   <subfield code="c">25 cm.</subfield>
  </datafield>
  <datafield tag="310" ind1=" " ind2=" ">
   <subfield code="a">Quarterly,</subfield>
   <subfield code="b">1996-</subfield>
  </datafield>
  <datafield tag="321" ind1=" " ind2=" ">
   <subfield code="a">Monthly,</subfield>
   <subfield code="b">1981-1995</subfield>
  </datafield>
  <datafield tag="362" ind1="0" ind2=" ">
   <subfield code="a">Vol.XXVIII, no.1(Jan./Feb. 1981)-v.XLVI, no.4(Dec. 1999)</subfield>
  </datafield>
  <datafield tag="362" ind1="0" ind2=" ">
   <subfield code="a">Vol.L, no.1(March 2003)-</subfield>
  </datafield>
  <datafield tag="650" ind1=" " ind2="4">
   <subfield code="a">Economics</subfield>
   <subfield code="v">Periodicals.</subfield>
  </datafield>
  <datafield tag="852" ind1=" " ind2=" ">
   <subfield code="a">INST</subfield>
   <subfield code="b">UNIPILB</subfield>
   <subfield code="c">SERIALS</subfield>
   <subfield code="e">20041209</subfield>
   <subfield code="h">Αλφαβητική σειρά</subfield>
   <subfield code="p">38293</subfield>
   <subfield code="q">38293</subfield>
   <subfield code="t">NOLOAN</subfield>
   <subfield code="v">vol.50;no.1:(Μήνας)March;(Έτος)2003</subfield>
   <subfield code="y">23</subfield>
  </datafield>
  <datafield tag="852" ind1=" " ind2=" ">
   <subfield code="a">INST</subfield>
   <subfield code="b">UNIPILB</subfield>
   <subfield code="c">SERIALS</subfield>
   <subfield code="e">20041209</subfield>
   <subfield code="h">Αλφαβητική σειρά</subfield>
   <subfield code="p">38294</subfield>
   <subfield code="q">38294</subfield>
   <subfield code="t">NOLOAN</subfield>
   <subfield code="v">vol.50;no.2:(Μήνας)June;(Έτος)2003</subfield>
   <subfield code="y">23</subfield>
  </datafield>
  <datafield tag="852" ind1=" " ind2=" ">
   <subfield code="a">INST</subfield>
   <subfield code="b">UNIPILB</subfield>
   <subfield code="c">SERIALS</subfield>
   <subfield code="e">20041209</subfield>
   <subfield code="h">Αλφαβητική σειρά</subfield>
   <subfield code="p">38295</subfield>
   <subfield code="q">38295</subfield>
   <subfield code="t">NOLOAN</subfield>
   <subfield code="v">vol.50;no.3:(Μήνας)September;(Έτος)2003</subfield>
   <subfield code="y">23</subfield>
  </datafield>
  <datafield tag="852" ind1=" " ind2=" ">
   <subfield code="a">INST</subfield>
   <subfield code="b">UNIPILB</subfield>
   <subfield code="c">SERIALS</subfield>
   <subfield code="e">20041209</subfield>
   <subfield code="h">Αλφαβητική σειρά</subfield>
   <subfield code="p">38296</subfield>
   <subfield code="q">38296</subfield>
   <subfield code="t">NOLOAN</subfield>
   <subfield code="v">vol.50;no.4:(Μήνας)December;(Έτος)2003</subfield>
   <subfield code="y">23</subfield>
  </datafield>
  <datafield tag="852" ind1=" " ind2=" ">
   <subfield code="a">INST</subfield>
   <subfield code="b">UNIPILB</subfield>
   <subfield code="c">SERIALS</subfield>
   <subfield code="e">20050118</subfield>
   <subfield code="h">Αλφαβητική σειρά</subfield>
   <subfield code="p">39034</subfield>
   <subfield code="q">39034</subfield>
   <subfield code="t">NOLOAN</subfield>
   <subfield code="v">vol.51;no.1:(Μήνας)March;(Έτος)2004</subfield>
   <subfield code="y">23</subfield>
  </datafield>
  <datafield tag="852" ind1=" " ind2=" ">
   <subfield code="a">INST</subfield>
   <subfield code="b">UNIPILB</subfield>
   <subfield code="c">SERIALS</subfield>
   <subfield code="e">20050118</subfield>
   <subfield code="h">Αλφαβητική σειρά</subfield>
   <subfield code="p">39035</subfield>
   <subfield code="q">39035</subfield>
   <subfield code="t">NOLOAN</subfield>
   <subfield code="v">vol.51;no.2:(Μήνας)June;(Έτος)2004</subfield>
   <subfield code="y">23</subfield>
  </datafield>
  <datafield tag="852" ind1=" " ind2=" ">
   <subfield code="a">INST</subfield>
   <subfield code="b">UNIPILB</subfield>
   <subfield code="c">SERIALS</subfield>
   <subfield code="e">20050118</subfield>
   <subfield code="h">Αλφαβητική σειρά</subfield>
   <subfield code="p">39036</subfield>
   <subfield code="q">39036</subfield>
   <subfield code="t">NOLOAN</subfield>
   <subfield code="v">vol.51;no.3:(Μήνας)September;(Έτος)2004</subfield>
   <subfield code="y">23</subfield>
  </datafield>
  <datafield tag="852" ind1=" " ind2=" ">
   <subfield code="a">INST</subfield>
   <subfield code="b">UNIPILB</subfield>
   <subfield code="c">SERIALS</subfield>
   <subfield code="e">20050125</subfield>
   <subfield code="h">Αλφαβητική σειρά</subfield>
   <subfield code="p">39282</subfield>
   <subfield code="q">39282</subfield>
   <subfield code="t">NOLOAN</subfield>
   <subfield code="v">vol.51;no.4:(Μήνας)December;(Έτος)2004</subfield>
   <subfield code="y">23</subfield>
  </datafield>
  <datafield tag="852" ind1=" " ind2=" ">
   <subfield code="a">INST</subfield>
   <subfield code="b">UNIPILB</subfield>
   <subfield code="c">SERIALS</subfield>
   <subfield code="e">20100127</subfield>
   <subfield code="h">Αλφαβητική σειρά</subfield>
   <subfield code="p">66424</subfield>
   <subfield code="q">66424</subfield>
   <subfield code="t">NOLOAN</subfield>
   <subfield code="v">vol.56;no.1:(Μήνας)March;(Έτος)2009</subfield>
   <subfield code="y">23</subfield>
  </datafield>
  <datafield tag="852" ind1=" " ind2=" ">
   <subfield code="a">INST</subfield>
   <subfield code="b">UNIPILB</subfield>
   <subfield code="c">SERIALS</subfield>
   <subfield code="e">20100127</subfield>
   <subfield code="h">Αλφαβητική σειρά</subfield>
   <subfield code="p">66425</subfield>
   <subfield code="q">66425</subfield>
   <subfield code="t">NOLOAN</subfield>
   <subfield code="v">vol.56;no.2:(Μήνας)June;(Έτος)2009</subfield>
   <subfield code="y">23</subfield>
  </datafield>
  <datafield tag="852" ind1=" " ind2=" ">
   <subfield code="a">INST</subfield>
   <subfield code="b">UNIPILB</subfield>
   <subfield code="c">SERIALS</subfield>
   <subfield code="e">20100127</subfield>
   <subfield code="h">Αλφαβητική σειρά</subfield>
   <subfield code="p">66426</subfield>
   <subfield code="q">66426</subfield>
   <subfield code="t">NOLOAN</subfield>
   <subfield code="v">vol.56;no.3:(Μήνας)September;(Έτος)2009</subfield>
   <subfield code="y">23</subfield>
  </datafield>
  <datafield tag="852" ind1=" " ind2=" ">
   <subfield code="a">INST</subfield>
   <subfield code="b">UNIPILB</subfield>
   <subfield code="c">SERIALS</subfield>
   <subfield code="e">20100127</subfield>
   <subfield code="h">Αλφαβητική σειρά</subfield>
   <subfield code="p">66427</subfield>
   <subfield code="q">66427</subfield>
   <subfield code="t">NOLOAN</subfield>
   <subfield code="v">vol.56;no.4:(Μήνας)December;(Έτος)2009</subfield>
   <subfield code="y">23</subfield>
  </datafield>
  <datafield tag="852" ind1=" " ind2=" ">
   <subfield code="a">INST</subfield>
   <subfield code="b">UNIPILB</subfield>
   <subfield code="c">SERIALS</subfield>
   <subfield code="e">20100930</subfield>
   <subfield code="h">Αλφαβητική σειρά</subfield>
   <subfield code="p">69927</subfield>
   <subfield code="q">69927</subfield>
   <subfield code="t">NOLOAN</subfield>
   <subfield code="v">vol.57;no.1:(Μήνας)March;(Έτος)2010</subfield>
   <subfield code="y">23</subfield>
  </datafield>
  <datafield tag="852" ind1=" " ind2=" ">
   <subfield code="a">INST</subfield>
   <subfield code="b">UNIPILB</subfield>
   <subfield code="c">SERIALS</subfield>
   <subfield code="e">20100930</subfield>
   <subfield code="h">Αλφαβητική σειρά</subfield>
   <subfield code="p">69928</subfield>
   <subfield code="q">69928</subfield>
   <subfield code="t">NOLOAN</subfield>
   <subfield code="v">vol.57;no.2:(Μήνας)June;(Έτος)2010</subfield>
   <subfield code="y">23</subfield>
  </datafield>
  <datafield tag="852" ind1=" " ind2=" ">
   <subfield code="a">INST</subfield>
   <subfield code="b">UNIPILB</subfield>
   <subfield code="c">SERIALS</subfield>
   <subfield code="e">20101018</subfield>
   <subfield code="h">Αλφαβητική σειρά</subfield>
   <subfield code="p">70187</subfield>
   <subfield code="q">70187</subfield>
   <subfield code="t">NOLOAN</subfield>
   <subfield code="v">vol.57;no.3:(Μήνας)September;(Έτος)2010</subfield>
   <subfield code="y">23</subfield>
  </datafield>
  <datafield tag="852" ind1=" " ind2=" ">
   <subfield code="a">INST</subfield>
   <subfield code="b">UNIPILB</subfield>
   <subfield code="c">SERIALS</subfield>
   <subfield code="e">20110124</subfield>
   <subfield code="h">Αλφαβητική σειρά</subfield>
   <subfield code="p">70911</subfield>
   <subfield code="q">70911</subfield>
   <subfield code="t">NOLOAN</subfield>
   <subfield code="v">vol.57;no.4:(Μήνας)December;(Έτος)2010</subfield>
   <subfield code="y">23</subfield>
  </datafield>
  <datafield tag="852" ind1=" " ind2=" ">
   <subfield code="a">INST</subfield>
   <subfield code="b">UNIPILB</subfield>
   <subfield code="c">SERIALS</subfield>
   <subfield code="e">20110830</subfield>
   <subfield code="h">Αλφαβητική σειρά</subfield>
   <subfield code="p">72571</subfield>
   <subfield code="q">72571</subfield>
   <subfield code="t">NOLOAN</subfield>
   <subfield code="v">vol.58;no.1:(Μήνας)March;(Έτος)2011</subfield>
   <subfield code="y">23</subfield>
  </datafield>
  <datafield tag="852" ind1=" " ind2=" ">
   <subfield code="a">INST</subfield>
   <subfield code="b">UNIPILB</subfield>
   <subfield code="c">SERIALS</subfield>
   <subfield code="e">20110830</subfield>
   <subfield code="h">Αλφαβητική σειρά</subfield>
   <subfield code="p">72572</subfield>
   <subfield code="q">72572</subfield>
   <subfield code="t">NOLOAN</subfield>
   <subfield code="v">vol.58;no.2:(Μήνας)June;(Έτος)2011</subfield>
   <subfield code="y">23</subfield>
  </datafield>
  <datafield tag="852" ind1=" " ind2=" ">
   <subfield code="a">INST</subfield>
   <subfield code="b">UNIPILB</subfield>
   <subfield code="c">SERIALS</subfield>
   <subfield code="e">20111003</subfield>
   <subfield code="h">Αλφαβητική σειρά</subfield>
   <subfield code="p">72892</subfield>
   <subfield code="q">72892</subfield>
   <subfield code="t">NOLOAN</subfield>
   <subfield code="v">vol.58;no.3:(Μήνας)September;(Έτος)2011</subfield>
   <subfield code="y">23</subfield>
  </datafield>
  <datafield tag="852" ind1=" " ind2=" ">
   <subfield code="a">INST</subfield>
   <subfield code="b">UNIPILB</subfield>
   <subfield code="c">SERIALS</subfield>
   <subfield code="e">20120116</subfield>
   <subfield code="h">Αλφαβητική σειρά</subfield>
   <subfield code="p">73964</subfield>
   <subfield code="q">73964</subfield>
   <subfield code="t">NOLOAN</subfield>
   <subfield code="v">vol.58;no.4:(Μήνας)December;(Έτος)2011</subfield>
   <subfield code="y">23</subfield>
  </datafield>
  <datafield tag="856" ind1="4" ind2="1">
   <subfield code="u">http://www.springerlink.com/content/1865-1704/</subfield>
  </datafield>
  <datafield tag="900" ind1=" " ind2=" ">
   <subfield code="a">Vol. 59 no. 1 (March 2012)</subfield>
   <subfield code="b">Οφειλόμενο</subfield>
   <subfield code="c">16/01/2013</subfield>
  </datafield>
  <datafield tag="900" ind1=" " ind2=" ">
   <subfield code="a">Vol. 52 no. 1 (March 2005)</subfield>
   <subfield code="b">Οφειλόμενο</subfield>
   <subfield code="c">02/07/2006</subfield>
  </datafield>
  <datafield tag="900" ind1=" " ind2=" ">
   <subfield code="a">Vol. 52 no. 2 (June 2005)</subfield>
   <subfield code="b">Οφειλόμενο</subfield>
   <subfield code="c">26/01/2010</subfield>
  </datafield>
  <datafield tag="900" ind1=" " ind2=" ">
   <subfield code="a">Vol. 52 no. 3 (September 2005)</subfield>
   <subfield code="b">Οφειλόμενο</subfield>
   <subfield code="c">26/01/2010</subfield>
  </datafield>
  <datafield tag="900" ind1=" " ind2=" ">
   <subfield code="a">Vol. 52 no. 4 (December 2005)</subfield>
   <subfield code="b">Οφειλόμενο</subfield>
   <subfield code="c">26/01/2010</subfield>
  </datafield>
  <datafield tag="900" ind1=" " ind2=" ">
   <subfield code="a">Vol. 53 no. 1 (March 2006)</subfield>
   <subfield code="b">Οφειλόμενο</subfield>
   <subfield code="c">26/01/2010</subfield>
  </datafield>
  <datafield tag="900" ind1=" " ind2=" ">
   <subfield code="a">Vol. 53 no. 2 (June 2006)</subfield>
   <subfield code="b">Οφειλόμενο</subfield>
   <subfield code="c">26/01/2010</subfield>
  </datafield>
  <datafield tag="900" ind1=" " ind2=" ">
   <subfield code="a">Vol. 53 no. 3 (September 2006)</subfield>
   <subfield code="b">Οφειλόμενο</subfield>
   <subfield code="c">26/01/2010</subfield>
  </datafield>
  <datafield tag="900" ind1=" " ind2=" ">
   <subfield code="a">Vol. 53 no. 4 (December 2006)</subfield>
   <subfield code="b">Οφειλόμενο</subfield>
   <subfield code="c">26/01/2010</subfield>
  </datafield>
  <datafield tag="900" ind1=" " ind2=" ">
   <subfield code="a">Vol. 54 no. 1 (March 2007)</subfield>
   <subfield code="b">Οφειλόμενο</subfield>
   <subfield code="c">26/01/2010</subfield>
  </datafield>
  <datafield tag="900" ind1=" " ind2=" ">
   <subfield code="a">Vol. 54 no. 2 (June 2007)</subfield>
   <subfield code="b">Οφειλόμενο</subfield>
   <subfield code="c">26/01/2010</subfield>
  </datafield>
  <datafield tag="900" ind1=" " ind2=" ">
   <subfield code="a">Vol. 54 no. 3 (September 2007)</subfield>
   <subfield code="b">Οφειλόμενο</subfield>
   <subfield code="c">26/01/2010</subfield>
  </datafield>
  <datafield tag="900" ind1=" " ind2=" ">
   <subfield code="a">Vol. 54 no. 4 (December 2007)</subfield>
   <subfield code="b">Οφειλόμενο</subfield>
   <subfield code="c">26/01/2010</subfield>
  </datafield>
  <datafield tag="900" ind1=" " ind2=" ">
   <subfield code="a">Vol. 55 no. 1 (March 2008)</subfield>
   <subfield code="b">Οφειλόμενο</subfield>
   <subfield code="c">26/01/2010</subfield>
  </datafield>
  <datafield tag="900" ind1=" " ind2=" ">
   <subfield code="a">Vol. 55 no. 2 (June 2008)</subfield>
   <subfield code="b">Οφειλόμενο</subfield>
   <subfield code="c">26/01/2010</subfield>
  </datafield>
  <datafield tag="900" ind1=" " ind2=" ">
   <subfield code="a">Vol. 55 no. 3 (September 2008)</subfield>
   <subfield code="b">Οφειλόμενο</subfield>
   <subfield code="c">26/01/2010</subfield>
  </datafield>
  <datafield tag="900" ind1=" " ind2=" ">
   <subfield code="a">Vol. 55 no. 4 (December 2008)</subfield>
   <subfield code="b">Οφειλόμενο</subfield>
   <subfield code="c">15/02/2010</subfield>
  </datafield>
  <datafield tag="950" ind1=" " ind2=" ">
   <subfield code="a">01/03/2003</subfield>
   <subfield code="c">ANACO Κ. ΑΝΑΓΝΩΣΤΟΥ Ε.Π.Ε., ΜΗΧΑΝΗΜΑΤΑ ΚΑΙ ΣΥΣΤΗΜΑΤΑ ΟΡΓΑΝΩΣΗΣ ΓΡΑΦΕΙΟΥ</subfield>
   <subfield code="d">142</subfield>
  </datafield>
  <datafield tag="951" ind1=" " ind2=" ">
   <subfield code="a">Vol. 58 no. 1 (March 2011) - Vol. 58 no. 4 (December 2011)</subfield>
   <subfield code="b">Main run</subfield>
  </datafield>
  <datafield tag="951" ind1=" " ind2=" ">
   <subfield code="a">Vol.XXVIII, no.1(Jan./Feb. 1981) -  (v.XLVI, no.4(Dec. 1999)</subfield>
   <subfield code="b">Main run</subfield>
  </datafield>
  <datafield tag="951" ind1=" " ind2=" ">
   <subfield code="a">Vol. 50 no. 1 (March 2003) - Vol. 50 no. 4 (December 2003)</subfield>
   <subfield code="b">Main run</subfield>
  </datafield>
  <datafield tag="951" ind1=" " ind2=" ">
   <subfield code="a">Vol. 51 no. 1 (March 2004) - Vol. 51 no. 4 (December 2004)</subfield>
   <subfield code="b">Main run</subfield>
  </datafield>
  <datafield tag="951" ind1=" " ind2=" ">
   <subfield code="a">Vol. 56 no. 1 (March 2009) - Vol. 57 no. 4 (December 2010)</subfield>
   <subfield code="b">Main run</subfield>
  </datafield>
  <datafield tag="952" ind1=" " ind2=" ">
   <subfield code="a">XXXVIII(10-12)1991, XLIV(4)1997, XLVI(3)1999</subfield>
  </datafield>
 </record>
</collection>
